|
|
|
|
| LEADER |
01130nam a22003372a 4500 |
| 001 |
001671959 |
| 003 |
CZ BrMZK |
| 005 |
20190703121524.0 |
| 007 |
ta |
| 008 |
190305s1896 gw frm||||||||||ger d |
| 040 |
|
|
|a BOA001
|b cze
|e aacr2
|
| 072 |
|
7 |
|a 616
|x Patologie. Klinická medicína
|2 Konspekt
|9 14
|
| 080 |
|
|
|a 616.89-008.434.5
|2 MRF
|
| 080 |
|
|
|a 616.89-008.42
|2 MRF
|
| 080 |
|
|
|a 616.895.7
|2 MRF
|
| 080 |
|
|
|a (048.3)
|2 MRF
|
| 100 |
1 |
|
|a Kreyher, Martin
|4 dis
|
| 245 |
1 |
4 |
|a Ein Fall von sensorischer Aphasie mit Ausgang in hallucinatorische Paranoia /
|c Martin Kreyher
|
| 260 |
|
|
|a Berlin :
|b Martin Kreyher,
|c 1896
|
| 300 |
|
|
|a 33 s.
|
| 502 |
|
|
|a Disertace--Friedrich-Wilhelms-Universität Berlin, 1896
|
| 650 |
0 |
7 |
|a afázie
|7 ph118293
|2 czenas
|
| 650 |
0 |
7 |
|a halucinace
|7 ph208673
|2 czenas
|
| 650 |
0 |
7 |
|a paranoia
|7 ph198728
|2 czenas
|
| 655 |
|
7 |
|a teze
|7 fd133701
|2 czenas
|
| 710 |
2 |
|
|a Friedrich-Wilhelms-Universität Berlin
|7 ko2004238874
|
| 910 |
|
|
|a BOA001
|b X-0379.831
|
| 990 |
|
|
|a BK
|
| 993 |
|
|
|a Y
|
| 991 |
|
|
|b 201903
|
| 996 |
6 |
|
|b 2618977700
|c X-0379.831
|l MZK
|r Sklad / do 24 hodin
|n 0
|w 001711214
|u 000010
|a 1
|e BOA001
|j MZK50
|s P
|